000
00419nam a2200145Ia 4500
008
100204s9999 xx 000 0 und d
082
_b
8714
100
_a
काकडे द. स.
245
_a
तमाशा
260
_b
"बांदोडकर पब्लिशिंग हाऊस, गोवा"
_c
1986
300
_a
226
630
_a
तमाशा
730
_a
तमाशा
942
_c
BOOK
999
_c
453150
_d
453147